Bangladesh on a new journey : (Record no. 760868)

MARC details
000 -LEADER
fixed length control field 00481cam a2200145 i 4500
020 ## - INTERNATIONAL STANDARD BOOK NUMBER
ISBN 9789356404229
082 ## - DEWEY DECIMAL CLASSIFICATION NUMBER
Classification number 327.549 2 DAT/B
245 00 - TITLE STATEMENT
Title Bangladesh on a new journey :
Sub Title moving beyond the regional identity /
Statement of responsibility, etc edited by Sreeradha Datta.
260 ## - PUBLICATION, DISTRIBUTION, ETC. (IMPRINT)
Place of publication . - New Delhi
Name of publisher : Bloomsburry
Year of publication , 2024
300 ## - PHYSICAL DESCRIPTION
Number of Pages xxiv, 293 pages
504 ## - BIBLIOGRAPHY, ETC. NOTE
Bibliography, etc Includes bibliographical references and index.
700 1# - ADDED ENTRY--PERSONAL NAME
Personal name Datta, Sreeradha, Editor
942 ## - ADDED ENTRY ELEMENTS (KOHA)
Source of classification or shelving scheme Dewey Decimal Classification
Koha item type Book
Holdings
Withdrawn status Lost status Source of classification or shelving scheme Damaged status Not for loan Home Library Current Location Shelving location Date acquired Full call number Accession Number Price effective from Koha item type
    Dewey Decimal Classification     Dept. of Political Science Dept. of Political Science General Stacks 18/12/2025 327.549 2 DAT/B POL23859 20/06/2026 Book